|
|
|
|
| LEADER |
00000cam a2200000 7i4500 |
| 001 |
0000070957 |
| 005 |
20170927.0 |
| 008 |
170227 |
| 020 |
|
|
|a 9789674603670 (Kulit nipis)
|
| 020 |
|
|
|a 9789674604134 (Kulit tebal)
|
| 090 |
0 |
0 |
|a 899.2211208
|b MOH
|
| 100 |
0 |
|
|a Mohamad Saleeh Rahamad
|
| 245 |
1 |
0 |
|a Balada si burung merak :
|b puisi - puisi lengkap W.S Rendra
|c Mohamad Saleeh Rahamad
|
| 260 |
|
|
|a Kuala Lumpur :
|b Institut Terjemahan & Buku Malaysia Berhad ,
|c 2016
|
| 300 |
|
|
|a 78 p. :
|b ill.,col. ;
|c 18.4 cm.
|
| 650 |
|
0 |
|a Indonesian poetry
|
| 650 |
|
0 |
|a Poetry
|
| 999 |
|
|
|a 0001442013
|b Book
|c Adult Collection
|e Cawangan Batu Pahat
|
| 999 |
|
|
|a 0001442014
|b Book
|c Adult Collection
|e Cawangan Mersing
|
| 999 |
|
|
|a 0001442015
|b Book
|c Adult Collection
|e Cawangan Muar
|
| 999 |
|
|
|a 0001442016
|b Book
|c Adult Collection
|e Cawangan Segamat
|
| 999 |
|
|
|a 0001442017
|b Book
|c Adult Collection
|e Cawangan Kota Tinggi
|
| 999 |
|
|
|a 0001442018
|b Book
|c Adult Collection
|e Cawangan Bandar Penawar
|
| 999 |
|
|
|a 0001442019
|b Book
|c Adult Collection
|e Cawangan Tmn. Ungku Tun Aminah
|
| 999 |
|
|
|a 0001442020
|b Book
|c Adult Collection
|e Cawangan Taman Sri Lambak
|
| 999 |
|
|
|a 0001442021
|b Book
|c Adult Collection
|e Cawangan Tangkak
|
| 999 |
|
|
|a 0001442022
|b Book
|c Adult Collection
|e Cawangan Bandar Tenggara
|
| 999 |
|
|
|a 0001442023
|b Book
|c Adult Collection
|e Cawangan Pontian
|
| 999 |
|
|
|a 0001442024
|b Book
|c Adult Collection
|e Cawangan Bukit Gambir
|
| 999 |
|
|
|a 0001442025
|b Book
|c Adult Collection
|e Cawangan Sri Merlong
|
| 999 |
|
|
|a 0001442067
|b Book
|c Adult Collection
|e Cawangan Pontian
|
| 999 |
|
|
|a 0001442068
|b Book
|c Adult Collection
|e Cawangan Kota Tinggi
|
| 999 |
|
|
|a 0001442069
|b Book
|c Adult Collection
|e Cawangan Tangkak
|
| 999 |
|
|
|a 0001442070
|b Book
|c Adult Collection
|e Cawangan Tmn. Ungku Tun Aminah
|
| 999 |
|
|
|a 0001442071
|b Book
|c Adult Collection
|e Cawangan Bandar Tenggara
|
| 999 |
|
|
|a 0001442072
|b Book
|c Adult Collection
|e Cawangan Batu Pahat
|
| 999 |
|
|
|a 0001442073
|b Book
|c Adult Collection
|e Cawangan Bukit Gambir
|
| 999 |
|
|
|a 0001442074
|b Book
|c Adult Collection
|e Cawangan Taman Sri Lambak
|
| 999 |
|
|
|a 0001442075
|b Book
|c Adult Collection
|e Cawangan Segamat
|
| 999 |
|
|
|a 0001442076
|b Book
|c Adult Collection
|e Cawangan Pontian
|
| 999 |
|
|
|a 0001442077
|b Book
|c Adult Collection
|e Cawangan Muar
|
| 999 |
|
|
|a 0001442078
|b Book
|c Adult Collection
|e Cawangan Mersing
|
| 999 |
|
|
|a 0001442079
|b Book
|c Adult Collection
|e Cawangan Sri Merlong
|
| 999 |
|
|
|a 0001444165
|b Book
|c Adult Collection
|e Cawangan Urban Transformation Centre
|
| 999 |
|
|
|a 0001444169
|b Book
|c Adult Collection
|e Cawangan Urban Transformation Centre
|
| 999 |
|
|
|a 0001444170
|b Book
|c Adult Collection
|e Perbadanan Perpustakaan Awam Johor
|
| 999 |
|
|
|a 0001444171
|b Book
|c Adult Collection
|e Perbadanan Perpustakaan Awam Johor
|
| 999 |
|
|
|a 0001444172
|b Book
|c Adult Collection
|e Cawangan AEON Kulaijaya
|